The changing village community /

Detalles Bibliográficos
Autor principal: Halpern, Joel
Formato: Libro
Publicado: Englewood Cliffs : Prentice-Hall, 1967.
Materias:
Etiquetas: Agregar Etiqueta
Sin Etiquetas, Sea el primero en etiquetar este registro!

MARC

LEADER 00000nam a22000004a 4500
001 AR-BbUGT1336
003 AR-BbUGT
005 20181220001535.0
007 ta
008 061101t1967 ||| |0|||0| d
040 |a AR-BbUGT  |b spa  |c AR-BbUGT 
082 0 4 |a 301 
100 1 |a Halpern, Joel. 
245 1 4 |a The changing village community /   |c Joel Halpern. 
260 |a Englewood Cliffs :   |b Prentice-Hall,   |c 1967. 
300 |a 135 p. 
653 |a Sociología 
942 |c BK  |h 301  |i H163  |m D  |2 ddc  |6 301_000000000000000_H163 
999 |c 9165  |d 9165